|
|
|
|
| LEADER |
00000nam a2200000 i 4500 |
| 001 |
DIGEPUJ0226 |
| 003 |
NyNyDIG |
| 006 |
m o d |
| 008 |
200713s2015 ck ob 000 0 spa d |
| 007 |
cr ||||||||||| |
| 035 |
|
|
|a (OCoLC)1184461491
|
| 040 |
|
|
|a DGITA
|b eng
|e rda
|e pn
|c DGITA
|
| 020 |
|
|
|a 9789588856568
|q ISBN-e
|
| 020 |
|
|
|a 9588856566
|q ISBN-e
|
| 020 |
|
|
|z 9789588856575
|
| 020 |
|
|
|z 9588856574
|
| 043 |
|
|
|a cl-----
|
| 050 |
1 |
4 |
|a P301.3.L29 ebook
|
| 082 |
0 |
4 |
|a 808.0098
|
| 245 |
0 |
0 |
|a Panorama de los centros y programas de escritura en Latinoamérica /
|c Violeta Molina Natera, editora.
|
| 250 |
|
|
|a Primera edición.
|
| 264 |
|
1 |
|a Cali, Colombia :
|b Pontificia Universidad Javeriana,
|c 2015.
|
| 300 |
|
|
|a 1 online resource.
|
| 336 |
|
|
|a text
|b txt
|2 rdacontent
|
| 337 |
|
|
|a computer
|b c
|2 rdamedia
|
| 338 |
|
|
|a online resource
|b cr
|2 rdacarrier
|
| 347 |
|
|
|a text file
|2 rdaft
|
| 347 |
|
|
|b PDF
|
| 504 |
|
|
|a Includes bibliographical references.
|
| 588 |
0 |
|
|a Online resource; title from PDF title page (Digitalia, viewed July 13, 2020)
|
| 650 |
|
0 |
|a Writing centers
|z Latin America.
|
| 650 |
|
0 |
|a Authorship.
|
| 655 |
|
0 |
|a Electronic books.
|
| 700 |
1 |
|
|a Molina, Violeta,
|e editor.
|
| 791 |
2 |
|
|a Digitalia (Firm),
|e distributor.
|
| 793 |
0 |
|
|g Digitalia eBook Collection:
|a Pontificia Universidad Javeriana
|
| 776 |
0 |
8 |
|i Print version:
|t Panorama de los centros y programas de escritura en Latinoamérica.
|d Cali : Pontificia Universidad Javeriana, 2015
|z 9789588856575
|
| 856 |
4 |
0 |
|3 Digitalia Hispánica
|u https://www.digitaliapublishing.com/a/62815/
|
| 910 |
|
|
|a Premium collection: 2020
|